000 00778cpmaa2200241 4500
001 mm 79000582
003 DLC
005 20260227111633.0
008 790413|||||||||||| fre
010 _amm 79000582
040 _aDLC
_cDLC
_edacs
_dDLC
072 7 _aC
_2lcmd
100 1 _aCorday, Charlotte,
_d1768-1793.
245 0 0 _aWarrant of Charlotte Corday,
_f1793.
300 _a1
_fitem.
506 0 _aOpen to research.
533 _aFacsimile.
_b[S.l.].
545 0 _aFrench patriot.
546 _aCollection material in French.
580 _aForms part of: Miscellaneous Manuscripts collection.
656 7 _aPatriots
_zFrance.
_2itoamc
999 _c40507
_d40507